Organizational Behavior

Guardado en:
Detalles Bibliográficos
Autor principal: Kreitner, Robert
Otros Autores: Kinicki, Angelo
Formato: Libro
Lenguaje:inglés
Publicado: Homewood Irwin 1989
Edición:1. ed.
Materias:
Etiquetas: Agregar Etiqueta
Sin Etiquetas, Sea el primero en etiquetar este registro!

MARC

LEADER 00000nam a2200000 4500
001 c003720
005 20221215114253.5
020 |a 0-256-03512-1 
041 0 |a eng 
044 |a US 
245 1 0 |a Organizational Behavior  |c Robert Kreitner, Angelo Kinicki 
250 |a 1. ed. 
264 1 |a Homewood  |b Irwin  |c 1989 
300 |a 686 s. 
610 2 0 |a správanie 
610 2 0 |a behaviorizmus 
610 2 0 |a megatrendy 
610 2 0 |a riadenie 
610 2 0 |a psychológia 
610 2 0 |a motivácia 
610 2 0 |a komunikácia 
610 2 0 |a rozhodovanie 
610 2 0 |a práca 
610 2 0 |a organizácia 
100 1 |a Kreitner, Robert 
700 1 |a Kinicki, Angelo